<?xml version="1.0" encoding="UTF-8"?>
<record
    xmlns:xsi="http://www.w3.org/2001/XMLSchema-instance"
    xsi:schemaLocation="http://www.loc.gov/MARC21/slim http://www.loc.gov/standards/marcxml/schema/MARC21slim.xsd"
    xmlns="http://www.loc.gov/MARC21/slim">

  <leader>01578nam a22001937a 4500</leader>
  <controlfield tag="003">OSt</controlfield>
  <controlfield tag="005">20240229073823.0</controlfield>
  <controlfield tag="008">201027b          2007 dr 00| 0 eng d</controlfield>
  <datafield tag="040" ind1=" " ind2=" ">
    <subfield code="a">DO-SdBNP</subfield>
    <subfield code="b">spa</subfield>
    <subfield code="c">BNPHU</subfield>
  </datafield>
  <datafield tag="100" ind1="1" ind2=" ">
    <subfield code="a">G&#xF3;mez Geraldino, Alexis A.</subfield>
    <subfield code="9">36063</subfield>
  </datafield>
  <datafield tag="245" ind1="1" ind2="0">
    <subfield code="a">Jurisprudencia dominicana en materia disciplinaria :</subfield>
    <subfield code="b">jueces, notarios y abogados /</subfield>
    <subfield code="c">Alexis A. G&#xF3;mez Geraldino ; pr&#xF3;logo Dr. Jorge A. Subero Isa</subfield>
  </datafield>
  <datafield tag="260" ind1=" " ind2=" ">
    <subfield code="a">Santo Domingo :</subfield>
    <subfield code="b">Comisi&#xF3;n Nacional de Ejecuci&#xF3;n de la Reforma Procesal Penal,</subfield>
    <subfield code="c">2007.</subfield>
  </datafield>
  <datafield tag="300" ind1=" " ind2=" ">
    <subfield code="a">xxi, 375 p. ;</subfield>
    <subfield code="c">23 cm. </subfield>
  </datafield>
  <datafield tag="490" ind1="1" ind2=" ">
    <subfield code="a">Serie de coleccion de la CONAEJ</subfield>
    <subfield code="v">2</subfield>
  </datafield>
  <datafield tag="505" ind1="0" ind2=" ">
    <subfield code="a">Dedicatoria vii --</subfield>
    <subfield code="t">Presentaci&#xF3;n xv -- </subfield>
    <subfield code="t">Pr&#xF3;logo xix --</subfield>
    <subfield code="t"> Introducci&#xF3;n --</subfield>
    <subfield code="t">Abogado --</subfield>
    <subfield code="t">Casaci&#xF3;n -- </subfield>
    <subfield code="t">Defensa  y debido proceso ---</subfield>
    <subfield code="t">&#xC9;tica --</subfield>
    <subfield code="t">Fianza --</subfield>
    <subfield code="t">Habeas corpus --</subfield>
    <subfield code="t">Imagen publica --</subfield>
    <subfield code="t">Juez </subfield>
    <subfield code="t">Libertad de expresi&#xF3;n -- </subfield>
    <subfield code="t">Maltrato del superior a subalternos --</subfield>
    <subfield code="t">Notario --</subfield>
    <subfield code="t">Pena m&#xE1;s grave --</subfield>
    <subfield code="t">Reapertura de la instrucci&#xF3;n de la causa --</subfield>
    <subfield code="t">Soborno --</subfield>
    <subfield code="t">Testigo --</subfield>
    <subfield code="t">Utilizaci&#xF3;n de nombres de otro juez de mayor jerarqu&#xED;a --</subfield>
    <subfield code="t">Ap&#xE9;ndices --</subfield>
    <subfield code="t">Ap&#xE9;ndices No. 1 : Ley No. 327-98 de carrera judicial  --</subfield>
    <subfield code="t">Ap&#xE9;ndices No. 2 : Ley No. 89-05 que crea el colegio de notarios --</subfield>
    <subfield code="t">Ap&#xE9;ndices No. 3 :  Ley del notariado, No. 301</subfield>
    <subfield code="t">Ap&#xE9;ndices No. 4 : Ley No. 302. Sobre honorarios de los abogados --</subfield>
    <subfield code="t">Ap&#xE9;ndices No. 5 : Decreto No. 1290, Que  ratifica el c&#xF3;digo de &#xE9;tica del colegio de abogados  de la Rep&#xFA;blica Dominicana --</subfield>
  </datafield>
  <datafield tag="700" ind1="1" ind2=" ">
    <subfield code="a">Subero Isa, Jorge A.,</subfield>
    <subfield code="d">1947-</subfield>
    <subfield code="e">pr&#xF3;logo </subfield>
    <subfield code="9">76863</subfield>
  </datafield>
  <datafield tag="830" ind1=" " ind2="0">
    <subfield code="a">Serie de coleccion de la CONAEJ, 2.</subfield>
    <subfield code="9">77048</subfield>
  </datafield>
  <datafield tag="942" ind1=" " ind2=" ">
    <subfield code="2">ddc</subfield>
    <subfield code="c">LBS1</subfield>
  </datafield>
  <datafield tag="952" ind1=" " ind2=" ">
    <subfield code="0">0</subfield>
    <subfield code="1">0</subfield>
    <subfield code="2">ddc</subfield>
    <subfield code="7">0</subfield>
    <subfield code="8">MO</subfield>
    <subfield code="a">BNPHU</subfield>
    <subfield code="b">PD</subfield>
    <subfield code="c">CT</subfield>
    <subfield code="d">2020-10-27</subfield>
    <subfield code="e">Donaci&#xF3;n Graciela Geraldo</subfield>
    <subfield code="l">0</subfield>
    <subfield code="r">2020-10-27</subfield>
    <subfield code="w">2020-10-27</subfield>
    <subfield code="y">LBS1</subfield>
  </datafield>
  <datafield tag="999" ind1=" " ind2=" ">
    <subfield code="c">48972</subfield>
    <subfield code="d">48972</subfield>
  </datafield>
</record>
